00413nam a2200157Ia 45000010006000000050017000060080041000230410008000640820015000721000051000872450085001382600009002233000007002326500008002396540008002472067520260306172823.0260306t2013||||xx |||||||||||||| ||spa|| aESP a343.6bM61 aMinisterio de Justicia y Derechos HumanoseAUT 0aMaterial de lectura:bley del procedimiento administrativo general ley NÂș 27444 c2013 ac aGEN aCDE